Normal view
MARC view
Entry Personal Name
001 - CONTROL NUMBER
- control field: 1489
003 - CONTROL NUMBER IDENTIFIER
- control field: OSt
005 - DATE AND TIME OF LATEST TRANSACTION
- control field: 20230515155110.0
008 - FIXED-LENGTH DATA ELEMENTS
- fixed length control field: 230515|| aca||aabn | a|a d
040 ## - CATALOGING SOURCE
- Original cataloging agency: OSt
- Transcribing agency: OSt
100 ## - HEADING--PERSONAL NAME
- Fuller form of name: Lumsden, Donald
670 ## - SOURCE DATA FOUND
- Source citation: Work cat.: (OSt): Lumsden, Gay. 1487, Communicating in groups and teams : sharing leadership. /, 2004.
